New perspectives in stress mangagement (Record no. 9185)

MARC details
000 -LEADER
fixed length control field 00522nam a2200181Ia 4500
003 - CONTROL NUMBER IDENTIFIER
control field IN-BaIIA
008 - FIXED-LENGTH DATA ELEMENTS--GENERAL INFORMATION
fixed length control field 211028s9999 xx 000 0 eng d
040 ## - CATALOGING SOURCE
Transcribing agency IIA Library
080 ## - UNIVERSAL DECIMAL CLASSIFICATION NUMBER
Universal Decimal Classification number GEN
Item number NAG
100 ## - MAIN ENTRY--PERSONAL NAME
Personal name Nagendra, H. R.
9 (RLIN) 15420
245 #0 - TITLE STATEMENT
Title New perspectives in stress mangagement
Statement of responsibility, etc. H. R. Nagendra and R. Nagarathna
260 ## - PUBLICATION, DISTRIBUTION, ETC.
Place of publication, distribution, etc. Bangalore
Name of publisher, distributor, etc. Vivekananda Kendra
Date of publication, distribution, etc. 1987
300 ## - PHYSICAL DESCRIPTION
Extent 112p.
650 ## - SUBJECT ADDED ENTRY--TOPICAL TERM
Topical term or geographic name entry element Astronomy and Astrophysics Thesaurus
650 ## - SUBJECT ADDED ENTRY--TOPICAL TERM
Topical term or geographic name entry element General
9 (RLIN) 9574
700 ## - ADDED ENTRY--PERSONAL NAME
Personal name Nagarathna, R
9 (RLIN) 15421
942 ## - ADDED ENTRY ELEMENTS (KOHA)
Koha item type Books
Holdings
Withdrawn status Lost status Damaged status Not for loan Home library Current library Shelving location Date acquired Cost, normal purchase price Total Checkouts Full call number Barcode Date last seen Cost, replacement price Price effective from Koha item type Purchase Price
        IIA Library-Bangalore IIA Library-Bangalore General Stacks   30.00   GEN/NAG 10090 05/11/2021 30.00   Books Rs. 30

Powered by Koha